000
00264nam a2200109Ia 4500
008
220204s9999 xx 000 0 und d
082
_a
330.35
_b
MIS
100
_a
MISHRAN, E J
245
0
_a
Costs of economic growth
260
_a
Ontario
_b
Penguin
_c
1967
942
_c
BK
999
_c
24765
_d
24765